Ricostruisci la Carriera del Calciatore - Christian Eriksen - Statistics

Statistiche generali
  • Questo quiz è stato fatto 15 volte
  • Il punteggio medio è 5 su 5
Statistiche sulle risposte
Hint Risposta % Corretto
2009-2013 Ajax
100%
2020-2021 Inter
92%
2022- Manchester Utd
92%
2022 Brentford
83%
2013-2020 Tottenham
83%
Nessun quiz corrispondente trovato
Distribuzione punteggi
Percentuale di utenti per punteggio
Percentile per numero di risposta
I tuoi punteggi nel tempo
Non hai fatto questo quiz